Nutrition : proteins and amino acids
Сохранить в:
| Формат: | |
|---|---|
| Язык: | Undetermined |
| Опубликовано: |
Tokyo
Japan Scientific Societies Press
1990
|
| Предметы: | |
| Метки: |
Добавить метку
Нет меток, Требуется 1-ая метка записи!
|
| Thư viện lưu trữ: | Trung tâm Học liệu Trường Đại học Cần Thơ |
|---|
| LEADER | 00507nam a2200181Ia 4500 | ||
|---|---|---|---|
| 001 | CTU_126320 | ||
| 008 | 210402s9999 xx 000 0 und d | ||
| 082 | |a 613.282 | ||
| 082 | |b N976 | ||
| 245 | 0 | |a Nutrition : | |
| 245 | 0 | |b proteins and amino acids | |
| 245 | 0 | |c Akira Yoshida ... [et all.] | |
| 260 | |a Tokyo | ||
| 260 | |b Japan Scientific Societies Press | ||
| 260 | |c 1990 | ||
| 650 | |a Nutrition,Proteins,Amino acids | ||
| 904 | |i Nguyên | ||
| 980 | |a Trung tâm Học liệu Trường Đại học Cần Thơ | ||